• 首页
  • 本馆介绍
  • 公告通知
  • 最新文献
  • 馆藏检索
  • 电子资源
  • 读者导购
  • 参考咨询
  • 我的图书馆
  • 登录
  • 详细信息显示
  • 放入我的书架
  • 预约/预借图书
  • 作者相关作品
  • 分类相关作品
  • 丛书相关作品
  • 出版社相关作品

书目信息

  • 表格格式
  • 工作单格式
  • 卡片格式
题名:
家风, 最美的教育是传承
    
 
作者: 李世强 编著
分册:  
出版信息: 北京   中央编译出版社  2015
页数: 281页
开本: 24cm
丛书名:
单 册:
中图分类: G780
科图分类:
主题词: 家庭教育--jia ting jiao yu--儿童教育--教育方法
电子资源:
ISBN: 978-7-5117-2685-8
000 00685nam0 2200229 450
001 012001003162
005 20131025110205.0
010    @a978-7-5117-2685-8@dCNY38.00
099    @aCAL 012015109237
100    @a20150906d2015 ekmy0chiy50 ea
101 0  @achi
102    @aCN@b110000
105    @ay z 000yy
106    @ar
200 1  @a家风, 最美的教育是传承@Ajia feng , zui mei de jiao yu shi chuan cheng@f李世强编著
210    @a北京@c中央编译出版社@d2015
215    @a281页@d24cm
606 0  @a家庭教育@Ajia ting jiao yu@x儿童教育@x教育方法
690    @aG780@v5
701  0 @a李世强@Ali shi qiang@4编著
801  2 @aCN@b江苏凤凰@c20191020
905    @b1226263-6@dG780@e1147@f4
    
    家风, 最美的教育是传承/李世强编著.-北京:中央编译出版社,2015
    281页;24cm
    
    
    ISBN 978-7-5117-2685-8:CNY38.00
    
●
相关链接 在E读中查询图书 在五车中查询图书 在当当中查询图书 在豆瓣中查询图书


正题名:家风, 最美的教育是传承     索取号:G780/1147         预约/预借

序号 登录号 条形码 馆藏地/架位号 状态 备注
1 1226263   212262638   第一样本阅览室/ [索取号:G780/1147] 在馆    
2 1226264   212262647   教育系资料室/ [索取号:G780/1147] 在馆    
3 1226265   212262656   教育系资料室/ [索取号:G780/1147] 在馆    
4 1226266   212262665   第四借阅区/ [索取号:G780/1147] 在馆    
唐山师范学院图书馆 欢迎您!
大连网信软件有限公司© 版权所有